| 000 | 02713 a2200265 4500 | ||
|---|---|---|---|
| 003 | BJBSDDR | ||
| 005 | 20251017160721.0 | ||
| 007 | ta | ||
| 008 | 250703s2024 sp 00| 0 spa d | ||
| 020 | _a9788412843279 | ||
| 020 | _a8412843274 | ||
| 040 |
_bspa _cBJBSDDR |
||
| 041 | _aspa | ||
| 050 | 1 | 4 |
_aPN 1998.3 _bA432 2024 |
| 245 | 0 | 0 |
_aWoody Allen : _bentrevistas y conversaciones / _cJacques Becker... [y otros] ; Traducción Cayetana Sarti. |
| 260 |
_a[Malaga] : _bCult Books, _c2024. |
||
| 300 |
_a292 páginas ; _c24 cm. |
||
| 490 | 1 |
_aColección Palabra de, _v2 |
|
| 520 | _aNo hay muchos directores cinematográficos que hayan mantenido de forma duradera un ritmo de producción de tipo industrial; son pocos los que, firmando una película cada año, logran un buen nivel medio; y son poquísimos los que con el ritmo de trabajo de Woody Allen pueden exhibir unas cuantas piezas magistrales. Es cierto, sin embargo, que el registro del cineasta neoyorquino resulta limitado o, por decirlo de forma positiva, muy concreto. Su vocación consiste en reproducir una y otra vez sus sueños de infancia, hechos de grandes apartamentos en Manhattan, dinero ilimitado, elegancia, clase y música de los años cuarenta. Y fabrica miniaturas, pequeños objetos preciosos como los huevos de Fabergé o los cuentos de Jorge Luis Borges. El adjetivo grandioso no va con él. Incluso sus películas más maravillosas son por definición obras menores, pero de una exquisitez suprema. Hablamos de títulos como 'Annie Hall', 'Manhattan', 'La rosa púrpura de El Cairo', 'Hannah y sus hermanas', 'Delitos y faltas', 'Match Point'... El presente libro compila tres décadas de entrevistas y conversaciones, ordenadas cronológicamente, que revelan detalles de la obra de Woody Allen y su forma de trabajar. Cómo nace la idea de una película, el proceso de escritura del guión, el casting y la dirección de actores, el rodaje y la localización de escenarios, dirigir, editar y musicalizar son algunos de los aspectos abordados. Las diferentes diferentes entrevistas, firmadas por algunos de los más reputados expertos en la obra del gran director neoyorquino (Peter Biskind, Stig Björkman, Roger Ebert, Jean-Michel Frodon, Eric Lax, Richard Schickel...), sacan a la luz secretos nunca antes mencionados, trucos, anécdotas... todo lo que sus seguidores quieran saber acerca del director, contado por él mismo. El resultado es, sin duda, un libro iluminador y personal. Imprescindible. | ||
| 600 | 1 | 4 |
_aAllen, Woody, _d1935- _vEntrevistas _945399 |
| 650 | 4 |
_aProductores y directores de cine _vEntrevistas _932970 |
|
| 830 | 0 |
_aColección Palabra de ; _945398 _v2 |
|
| 942 |
_2lcc _cBK |
||
| 946 | _irmza | ||
| 999 |
_c124107 _d124107 |
||